| 000 | 00434nam a22001217a 4500 | ||
|---|---|---|---|
| 999 |
_c65834 _d65831 |
||
| 100 |
_aZahid Hussain _a16MIEM05 _aSupervisor - Prof. Dr. Abdul Sattar Jamali |
||
| 245 | _aImpact of ISO 9000 on Operational and Business Performance of Pakistan Machine Tool Factory Karachi | ||
| 260 |
_aNawabshah _bQUEST _c2019 |
||
| 300 | _a63 | ||
| 700 | _aDepartment of Mechanical Engineering | ||
| 856 | _uhttp://tinyurl.com/mryufp5e | ||
| 942 | _cTHESIS | ||